000 00737nam a22002057a 4500
008 090130t xxu||||| |||| 00| 0 eng d
010 _aENG-92701
020 _c200.00
_a9788188161447
035 _aEN-76234
037 _bDBAD / PUB
040 _adpl
_bEnglish
082 _a131
245 _aNew age realities:
_bbeyond east and west
260 _aBangalore Urban
_bManasa Foundation
_c2008
270 _aTaponagara, Chikkagubbi
_bBangalore Urban
_e562149
300 _axxiii, 133p.:
_c21cm (pbk)
_bill.
650 _aChakras
_xMiscellanea.
942 _2ddc
_cEN
_mNEW
_h131
999 _c22669
_d22669